000 00587nam a22001817a 4500
005 20251108165352.0
008 250721s1986 xx 000 0 ara d
082 1 4 _aم/016/بحث
100 1 _aبله، فكتور
_eمحرر
245 1 0 _aالبحث العلمي في جامعة اليرموك :
_bملخصات أبحاث هيئة التدريس 1984 ، 1985 /
264 1 _aاربد :
_bجامعة اليرموك،
_c1986.
300 _aج
650 1 7 _aالأبحاث
650 1 7 _aالملخصات
650 1 7 _aجامعة اليرموك
942 _2ddc
_cREF
999 _c26244
_d26244